banner-ar

خرافات عن الجوع فى العالم / (Record no. 50578)

MARC details
000 -الفاتح
حقل البيانات ثابتة الطول 00685nam a2200229Ia 4500
008 - عناصر البيانات ثابتة الطول - معلومات عامة
حقل البيانات ثابتة الطول 140319s9999 xx 000 0 ara d
040 ## - مصدر الفهرسة
وكالة الفهرسة الأصلية GCL /
وكالة النسخ GCL
082 04 - رقم تصنيف ديوى العشرى
رقم التصنيف 361.55
رقم المادة ل خ
100 1# - المدخل الرئيسى - إسم شخصى
الإسم الشخصى حسنى زينة
245 10 - بيان العنوان
العنوان خرافات عن الجوع فى العالم /
بيان المسئوليه,etc حسنى زينة
700 1# - المدخل الاضافى - اسم شخصى
الإسم الشخصى لابه، فرنسيس
700 1# - المدخل الاضافى - اسم شخصى
الإسم الشخصى كولنز , جوزيف
300 ## - الوصف المادى
التعداد 88 ص
490 ## - بيان السلسلة
عنوان السلسلة الهيئة العامة للاستعلامات
رقم المجلد/ التعيين التسلسلي 0
650 04 - المدخل الاضافى بالموضوع-مصطلح موضوعى
مصطلح موضوعي الجوع
650 04 - المدخل الاضافى بالموضوع-مصطلح موضوعى
مصطلح موضوعي الانتاج الزراعى
650 04 - المدخل الاضافى بالموضوع-مصطلح موضوعى
مصطلح موضوعي الفقر
650 04 - المدخل الاضافى بالموضوع-مصطلح موضوعى
مصطلح موضوعي الامن الغذائى
650 04 - المدخل الاضافى بالموضوع-مصطلح موضوعى
مصطلح موضوعي المعونة الغذائية
942 ## - عناصر المدخل الإضافي( كوها)
مصدر التصنيف او مخطط الترفيف Dewey Decimal Classification
Koha [default] item type كتاب
Holdings
حالة التراجع حالة الفقد حالة تلف ليس للاعارة المكان المؤقت الموقع الحالى تاريخ الاكتساب اجمالي اﻻعارات رقم الطلب الباركود تاريخ اخر مشاهدة تاريخ تفعيل السعر نوع وعاء كوها
        مكتبة القاهرة الكبرى مكتبة القاهرة الكبرى 03/26/2014   361.55\ل خ 121256 03/26/2014 03/26/2014 كتاب

Powered By

EGPV